Statistics for #1 Hits of the 1970s Quiz

Click here to take the quiz!

General Stats

  • This quiz has been taken 39,500 times
  • The average score is 53 of 169

Answer Stats

#1's Artist % Correct
1M
92%
1Elton John and
Kiki Dee
89%
5Elton John
88%
9Bee Gees
87%
2Michael Jackson
86%
2The Beatles
86%
1Terry Jacks
83%
5Eagles
82%
1Robert John
78%
1ABBA
76%
1Carly Simon
75%
3The Rolling Stones
75%
1Paul Simon
73%
3Rod Stewart
68%
4The Jackson 5
67%
1Barbra Streisand and
Donna Summer
66%
5Stevie Wonder
66%
1Blondie
65%
1Barbra Streisand and
Neil Diamond
63%
5Wings
61%
2Marvin Gaye
60%
1John Travolta and
Olivia Newton-John
60%
1Simon & Garfunkel
59%
2Chic
56%
3Donna Summer
56%
3Cher
55%
1Don McLean
54%
1Gloria Gaynor
54%
4John Denver
54%
3Barry Manilow
54%
2Olivia Newton-John
53%
1Manfred Mann's
Earth Band
52%
1Eric Clapton
52%
4Diana Ross
51%
3The Carpenters
51%
2Barbra Streisand
50%
1Paul McCartney and
Linda McCartney
50%
1Amii Stewart
49%
2Neil Diamond
49%
2America
48%
2George Harrison
48%
1John Lennon
45%
2Steve Miller Band
45%
1The Knack
44%
1Janis Joplin
42%
2Ringo Starr
41%
4KC and the
Sunshine Band
41%
3Roberta Flack
40%
1Neil Young
40%
1Chicago
39%
2Commodores
39%
2Jim Croce
38%
1Edwin Starr
38%
2Frankie Valli
37%
2Glen Campbell
37%
1Hamilton, Joe Frank
& Reynolds
36%
3Dawn
35%
2The Doobie Brothers
34%
3Three Dog Night
34%
1Barry White
33%
1James Taylor
33%
1Gladys Knight &
the Pips
33%
1Smokey Robinson &
the Miracles
33%
1Fleetwood Mac
32%
1Hall and Oates
32%
1Chuck Berry
32%
2The Temptations
32%
1Billy Paul
32%
1Captain & Tennille
31%
1Styx
31%
1The Four Seasons
31%
1Johnny Mathis and
Deniece Williams
30%
1Bachman-Turner
Overdrive
30%
1Carole King
30%
1David Bowie
30%
3Helen Reddy
29%
2Ray Stevens
29%
2Sly & the Family
Stone
28%
3Andy Gibb
28%
1Al Green
28%
2Leo Sayer
27%
1The Guess Who
27%
1Charlie Rich
27%
1Rupert Holmes
26%
2The Miracles
26%
1Johnnie Taylor
26%
1Earth, Wind & Fire
26%
2Neil Sedaka
26%
1Sammy Davis Jr.
25%
1Peaches & Herb
24%
1Isaac Hayes
24%
1Harry Chapin
23%
1Marilyn McCoo and
Billy Davis, Jr.
23%
1Carl Douglas
23%
1Mac Davis
22%
1Donny Osmond
22%
1The Osmonds
22%
1Debby Boone
22%
2B.J. Thomas
21%
1Bill Withers
21%
1Nilsson
21%
1Shaun Cassidy
20%
1The Partridge Family
20%
1Bread
20%
1Wild Cherry
20%
1LaBelle
20%
1Linda Ronstadt
19%
1Anita Ward
19%
2Grand Funk
19%
1Rose Royce
19%
1Bay City Rollers
18%
1Paul Anka and
Odia Coates
17%
1Gordon Lightfoot
17%
1Paper Lace
17%
1The O'Jays
17%
1David Soul
17%
1Dionne Warwick and
Spinners
16%
1Anne Murray
16%
1Gilbert O'Sullivan
16%
1Melanie
15%
1Thelma Houston
15%
1Johnny Nash
14%
1Starland Vocal Band
14%
1The Average White
Band
14%
1Vicki Lawrence
14%
1The Edgar Winter
Group
14%
1Rick Dees and
His Cast of Idiots
14%
1Minnie Riperton
13%
2Ohio Players
13%
1Exile
13%
1Shocking Blue
12%
1Van McCoy and the
Soul City Symphony
12%
2Billy Preston
12%
1Yvonne Elliman
12%
1Herb Alpert
12%
1Bellamy Brothers
12%
1Blue Swede
12%
1Looking Glass
12%
1Hues Corporation
11%
1Player
11%
1Freddy Fender
11%
1Nick Gilder
11%
1C.W. McCall
11%
1Andy Kim
11%
1John Sebastian
10%
1George McCrae
10%
1The Raiders
10%
1A Taste of Honey
10%
1The Chi-Lites
9%
1Maureen McGovern
9%
1The Emotions
9%
2The Staple Singers
9%
1Billy Swan
9%
1Bill Conti
8%
1Mary MacGregor
7%
1Al Wilson
7%
1The Manhattans
7%
1Silver Convention
7%
1Meco
7%
1MFSB and
the Three Degrees
7%
1Love Unlimited
Orchestra
7%
1Walter Murphy and
the Big Apple Band
6%
1Eddie Kendricks
6%
1The Sylvers
6%
1Bo Donaldson and
the Heywoods
6%
1Alan O'Day
6%
1Stories
5%
1The Honey Cone
4%
1Rhythm Heritage
4%

Score Distribution

Percentile by Number Answered

Percent of People with Each Score

Your Score History

You have not taken this quiz